LEADER 00966nam0 2200289 450 001 000008485 005 20071106161447.0 010 $a978-88-13-26507-6 100 $a20071106d2007----km-y0itay50------ba 101 0 $aita 102 $aIT 105 $ay-------001yy 200 1 $aCommentario breve alle leggi su proprietà intellettuale e concorrenza$fPiergaetano Marchetti, Luigi Carlo Ubertazzi 205 $a4. ed. 210 $aPadova$cCedam$dc2007 215 $a3034 p.$d24 cm$eCd-Rom 225 2 $aBreviaria iuris$v5 410 0$12001$aBreviaria iuris 610 1 $aLibera concorrenza$aLegislazione 676 $a346.4508$v20 700 1$aMarchetti,$bPiergaetano$0229120 701 1$aUbertazzi,$bLuigi Carlo$0115093 801 0$aIT$bUNIPARTHENOPE$c20071106$gRICA$2UNIMARC 912 $a000008485 951 $a346-C/30$b39933$cNAVA1$d2007 996 $aCommentario breve alle leggi su proprietà intellettuale e concorrenza$91024999 997 $aUNIPARTHENOPE LEADER 02261nam0 22004693i 450 001 VAN0268431 005 20240321113125.608 017 70$2N$a9781489900272 100 $a20231205d1981 |0itac50 ba 101 $aeng 102 $aUS 105 $a|||| ||||| 200 1 $aStatistical Estimation$eAsymptotic Theory$fI. A. Ibragimov, R. Z. Has?minskii$gTransl. from the Russian by Samuel Kotz 210 $aNew York$cSpringer-Verlag$d1981 215 $avii, 403 p.$cill.$d24 cm 410 1$1001VAN0076490$12001 $aStochastic modelling and applied probability$1210 $aNew York [etc.]$cSpringer$v16 500 1$3VAN0268432$aAsimptotceskaja teorija ocenivanija$93643893 606 $a62-XX$xStatistics [MSC 2020]$3VANC022998$2MF 606 $a62E20$xAsymptotic distribution theory in statistics [MSC 2020]$3VANC033675$2MF 606 $a62F10$xPoint estimation [MSC 2020]$3VANC021207$2MF 606 $a62F12$xAsymptotic properties of parametric estimators [MSC 2020]$3VANC030772$2MF 606 $a62G05$xNonparametric estimation [MSC 2020]$3VANC029306$2MF 606 $a62M05$xMarkov processes: estimation; hidden Markov models [MSC 2020]$3VANC024698$2MF 610 $aAsymptotic effectiveness$9KW:K 610 $aEstimate$9KW:K 610 $aEstimation Theory$9KW:K 610 $aEstimator$9KW:K 610 $aParameter$9KW:K 620 $aUS$dNew York$3VANL000011 700 1$aIbragimov$bIlldar A.$3VANV217821$0441478 701 1$aHas?minskii$bRafail Z.$3VANV220451$01448560 702 1$aKotz$bSamuel$3VANV082069$4730 790 1$aHas?minskii, R. Z.$zHas?minskii, Rafail Z.$3VANV232716 790 1$aHas?minskii, R.Z.$zHas?minskii, Rafail Z.$3VANV232717 801 $aIT$bSOL$c20240802$gRICA 856 4 $uhttps://doi.org/10.1007/978-1-4899-0027-2$zE-book ? Accesso al full-text attraverso riconoscimento IP di Ateneo, proxy e/o Shibboleth 899 $aBIBLIOTECA DEL DIPARTIMENTO DI MATEMATICA E FISICA$1IT-CE0120$2VAN08 912 $fN 912 $aVAN0268431 950 $aBIBLIOTECA DEL DIPARTIMENTO DI MATEMATICA E FISICA$d08CONS e-book 7533 $e08eMF7533 20231211 996 $aAsimptotceskaja teorija ocenivanija$93643893 997 $aUNICAMPANIA LEADER 01194nam0 22002891i 450 001 UON00442716 005 20231205104956.810 010 $a05-215-9723-4 100 $a20140721r19982009 |0itac50 ba 101 $aeng 102 $aGB 105 $a|||| 1|||| 200 1 $aLanguage to language$ea practical and theoretical guide for Italian/English translators$fChristopher Taylor 210 $aCambridge$cCambridge University Press$d1998$erist. 2009 215 $aVIII, 341 p.$d25 cm. 606 $aLingua inglese$xTraduzioni italiane$3UONC058206$2FI 606 $aLINGUA ITALIANA$xTraduzioni inglesi$3UONC058144$2FI 620 $dCambridge$3UONL000022 676 $a428.02$cLingua inglese. Uso corretto. Traduzioni$v21 700 1$aTAYLOR$bChristopher$3UONV031935$0388730 712 $aCambridge University Press$3UONV245943$4650 801 $aIT$bSOL$c20250808$gRICA 899 $aSIBA - SISTEMA BIBLIOTECARIO DI ATENEO$2UONSI 912 $aUON00442716 950 $aSIBA - SISTEMA BIBLIOTECARIO DI ATENEO$dSI Angl VIII 0726 $eSI 10502 5 0726 996 $aLanguage to language$9253208 997 $aUNIOR